|
|
|
|
| LEADER |
01260nam a2200373 a 4500 |
| 001 |
nkc20112225786 |
| 003 |
CZ PrNK |
| 005 |
20111118125803.0 |
| 007 |
ta |
| 008 |
111024s2011 xr a b 000 1 cze |
| 015 |
|
|
|a cnb002225786
|
| 020 |
|
|
|a 978-80-247-3884-0
|q (váz.)
|
| 035 |
|
|
|a (OCoLC)768557556
|
| 040 |
|
|
|a ABA001
|b cze
|d BOA001
|
| 072 |
|
7 |
|a 821-93
|x Literatura pro děti a mládež (beletrie)
|2 Konspekt
|9 26
|
| 080 |
|
|
|a 821-93
|2 MRF
|
| 080 |
|
|
|a 793.7
|2 MRF
|
| 100 |
1 |
|
|a Pospíšilová, Zuzana,
|d 1975-
|7 mzk2006331486
|4 aut
|
| 245 |
1 |
0 |
|a Pojďte si hrát s hádankami /
|c Zuzana Pospíšilová ; ilustroval Drahomír Trsťan
|
| 250 |
|
|
|a Vyd. 1.
|
| 260 |
|
|
|a Praha :
|b Grada,
|c 2011
|
| 300 |
|
|
|a 72 s. :
|b barev. il. ;
|c 23 cm
|
| 490 |
1 |
|
|a Čtení pro prvňáčky
|
| 650 |
0 |
7 |
|a hádanky
|7 ph121010
|2 czenas
|
| 650 |
0 |
9 |
|a riddles
|2 eczenas
|
| 655 |
|
7 |
|a publikace pro děti
|7 fd133156
|2 czenas
|
| 655 |
|
9 |
|a children's literature
|2 eczenas
|
| 700 |
1 |
|
|a Trsťan, Drahomír,
|d 1958-
|7 mzk2010598344
|4 ill
|
| 830 |
|
0 |
|a Čtení pro prvňáčky
|0 s
|
| 910 |
2 |
|
|a BOA001
|b 2-1270.953
|
| 990 |
|
|
|a BK
|
| 995 |
|
|
|a 01
|
| 991 |
|
|
|b 201111
|e db
|
| 996 |
6 |
|
|b 2610491635
|c 2-1270.953
|l MZK
|r Sklad / do 1 hodiny
|n 1
|p p.v.
|w 001209634
|u 000010
|a 1
|e BOA001
|j MZK50
|s P
|